| 000 | 00612cam a22002411 4500 | ||
|---|---|---|---|
| 001 | sa 68015585 | ||
| 003 | DLC | ||
| 005 | 20260227112644.0 | ||
| 008 | 900130s1965 ii b 000 0 telo | ||
| 010 | _asa 68015585 | ||
| 035 | _a(OCoLC)20974762 | ||
| 040 |
_aDLC _cWaU _dDLC |
||
| 042 | _apremarc | ||
| 050 | 0 | 0 |
_aPK2916 _b.L27 |
| 100 | 1 |
_aLakshmikanthamma, Utukuri, _d1917- |
|
| 245 | 1 | 0 | _aAkhilabhārata kavayitrulu. |
| 260 | _c[1965] | ||
| 300 |
_axviii, 468, viii p. _c22 cm. |
||
| 500 | _aIn Telugu. | ||
| 504 | _aBibliographical footnotes. | ||
| 650 | 0 | _aIndic poetry. | |
| 650 | 0 | _aWomen poets. | |
| 999 |
_c86538 _d86538 |
||